Statistics at square one
সংরক্ষণ করুন:
| প্রধান লেখক: | |
|---|---|
| সংস্থা লেখক: | |
| বিন্যাস: | গ্রন্থ |
| প্রকাশিত: |
London
British Medical Association
1976
|
| অনলাইন ব্যবহার করুন: | Visit NHRC Library |
| ট্যাগগুলো: |
ট্যাগ যুক্ত করুন
কোনো ট্যাগ নেই, প্রথমজন হিসাবে ট্যাগ করুন!
|
| LEADER | 00691nam a2200217 4500 | ||
|---|---|---|---|
| 003 | 179 | ||
| 005 | 20220906184652.0 | ||
| 952 | |0 0 |1 0 |2 lcc |4 0 |6 WA 00900/SWI/01981 |7 0 |9 2440 |a NHRC |b NHRC |c CART |d 2012-02-18 |l 0 |o WA 900/SWI/1981 |p 000179c |r 2012-02-18 |w 2012-02-18 |y BK | ||
| 999 | |c 2336 |d 2336 | ||
| 020 | |a 0727900730 | ||
| 050 | |a WA 900 | ||
| 100 | |a Swinscow, T.D.V. |q T. D. V. Swinscow |9 3524 | ||
| 110 | |a British Medical Journal |9 3525 | ||
| 245 | |a Statistics at square one | ||
| 260 | |a London |b British Medical Association |c 1976 | ||
| 270 | |a WCiH9JP |b London |d UK | ||
| 300 | |a 86p. |b viii | ||
| 500 | |a Book | ||
| 546 | |a Eng. | ||
| 856 | |u http://nhrc.gov.np/contact/ |y Visit NHRC Library | ||
| 942 | |2 NLM |c BK | ||